000 00362nam a2200145Ia 4500
008 230917s9999||||xx |||||||||||||| ||und||
040 _e159983
_aMAIN
041 _aEnglish
082 _a338.4791 M294T
100 _aMalhotra, R K
245 0 _aTourism planning and management
260 _aDelhi
_bAnmol Publications
_c2005
300 _a348 p.
942 _cBK
999 _c130460
_d130460